000 00601nam a2200205Ia 4500
999 _c1945
_d1945
020 _a0-19-563458-6
082 _a306.60954 REG-
245 0 _aRegion, religion, caste, gender and culture in contemporary India
260 _aDelhi
_bOxford University Press
_c1996
300 _a602p.
500 _aContents:Vol.3
650 _aIndia - Social life and customs
650 _aIndia - Social conditions
650 _aSocial classes - India
650 _aGender identity - India
650 _aReligion and politics - India
650 _aCaste - India
700 _aSathyamurthy, T.V.
942 _cBK